| 000 | 00814cam a2200241 a 4500 | ||
|---|---|---|---|
| 001 | 16711691 | ||
| 003 | ARRUPE | ||
| 005 | 20141104115529.0 | ||
| 008 | 110329s2010 ie 000 0 eng | ||
| 010 | _a 2011379312 | ||
| 020 | _a9781856077248 (pbk.) | ||
| 040 |
_aDLC _cDLC |
||
| 042 | _apcc | ||
| 050 | 0 | 0 |
_aBX2003 _b.L781 2010 |
| 100 | 1 |
_aLittleton, John _c(Priest) _912373 |
|
| 245 | 1 | 0 |
_aJourneying through the year of Matthew : _breflections on the gospel / _cJohn Littleton. |
| 260 |
_aBlackrock, Co. Dublin : _bColumba Press, _c2010. |
||
| 300 |
_a150 p. ; _c22 cm. |
||
| 630 | 0 | 0 |
_aBible. _pMatthew _xCriticism, interpretation, etc. _912374 |
| 906 |
_a7 _bcbc _corigres _d2 _encip _f20 _gy-gencatlg |
||
| 942 |
_2lcc _cMONOGRAPH |
||
| 999 |
_c121170 _d121170 |
||